00888nam a2200277 u 450000100070000000500170000700800410002403500110006504000130007604100080008905000070009710000380010424500840014226000430022630000130026965000270028265000340030965000470034365000340039070000470042470000360047170000400050770000430054750200120059052600080060293681720260506155623.0050728s2005 ||||||m| spa  a936817 ccomduadb aspa 4aGV10aArango Cadavid, Rodrigo4auteaut10aPerfil de personalidad del arbitro de futbol del Colegio de Antioquia, Colombia aMedellín :b[sin publicador],c2005. a71 hojas aÁrbitros de fútbol aEvaluacion de la personalidad aColegio de Arbitros de Futbol de Antioquia 7aPsicología del deporte2dcs10aEcheverri Tobon, Patricia Ofelia4auteaut10aParodi Diaz, Mauricio4auteaut10aJaramillo, Maria Patricia4thseths10aLopera Gómez, Omar Alfonso4thseths b308c24 a310